مكتبة جامعة عجلون الوطنية

فهرس بحث المكتبة

Normal view MARC view
  • ريادة الاعمال - الميزة التنافسية - مدينة الحسن الصناعية - ااربد - الاردن

Entry Topical Term

Number of records used in: 1

001 - CONTROL NUMBER

  • control field: 59708

003 - CONTROL NUMBER IDENTIFIER

  • control field: JO-AjAnu

005 - DATE AND TIME OF LATEST TRANSACTION

  • control field: 20230606083749.0

008 - FIXED-LENGTH DATA ELEMENTS

  • fixed length control field: 230606|| aca||aabn | a|a d

040 ## - CATALOGING SOURCE

  • Original cataloging agency: JO-AjAnu
  • Transcribing agency: JO-AjAnu

150 ## - HEADING--TOPICAL TERM

  • Topical term or geographic name entry element: ريادة الاعمال - الميزة التنافسية - مدينة الحسن الصناعية - ااربد - الاردن

670 ## - SOURCE DATA FOUND

  • Source citation: Work cat.: (JO-AjAnu)30450: اعداد: احمد، ابراهيم حسن ابراهيم؛ اشراف: هشام علي شطناوي, author 59707, دور استراتيجيات الريادة في تحقيق الميزة التنافسية في مصانع الالبسة في مدينة الحسن الصناعية في مدينة اربد = The Role of Entrepreneurship Strategies in Achieving The Competitive Advantage in Textile Factories in AL Hassan Industrial City-Irbid